000 02357nam0a2200385 i 4500
001 RU\NLR\BIBL_A\010029119
005 20260408112736.0
010 _a9785763827873
_9500
021 _aRU
_b2013-98921
_96862
035 _a(NILC)RuMoRGB-006712134
035 _a(NLR Aleph) 010029119
090 _a9939609
_c9939609
100 _a20140205d2013 u y0rusy50 ca
101 0 _arus
102 _aRU
105 _aa|||j|||001yy
200 1 _aЭлектрооборудование и электроснабжение горных предприятий
_eучебное пособие для студентов вузов, обучающихся по направлению подготовки (специальности) [130400.65] "Горное дело" (специализация "Электрификация и автоматизация горного производства")
_fМ-во образования и науки Рос. Федерации, Сиб. федер. ун-т, [Ин-т гор. дела, геологии и геотехнологий
_gВ.С. Куликовский и др.]
210 _aКрасноярск
_cСФУ
_d2013
215 _a127 с.
_cил., цв. ил.
_d21
225 1 _aУчебное пособие
225 1 _aУМО
300 _aНа обл. подзаг.: Горное дело
320 _aБиблиогр.: с. 126 (12 назв.)
606 1 _aРудники
_jУчебные издания для высших учебных заведений
_xЭлектроснабжение
_91613280
_3RU\NLR\AUTH\661009496
606 _aРудники
_jУчебные издания для высших учебных заведений
_xЭлектрооборудование
_91393998
_3RU\NLR\AUTH\66273194
675 _a622:621.31(075.8)
686 1 _aИ-421я73-1
702 1 _aКуликовский
_bВ. С.
_gВалерий Сергеевич
_4220
712 0 2 _4570
_aСибирский федеральный университет
_bИнститут горного дела, геологии и геотехнологий
_cКрасноярск
_9390458
_3RU\NLR\AUTH\880361723
801 0 _aRU
_bRuMoRKP
_c20131209
_gRCR
801 2 _aRU
_bРГБ
_c20140120
_grcr
942 _cBOOK
980 _aNBR